000
00278nam a2200121Ia 4500
008
190216s9999||||xx |||||||||||||| ||und||
100
_a
Asthana B N
245
0
_a
Elements Of Statistics
260
_b
Wiley Eastern Ltd
_c
1976
300
_a
656p
650
_a
Commerce
942
_c
BK
999
_c
4119
_d
4119